[Event "Østlandsserien 2013/2014, 3. div. D"]
[Site "Korsvoll, Oslo NOR"]
[Date "2014.02.09"]
[Round "4"]
[White "Fjellestad, Helge"]
[Black "Olsen, Trygve"]
[Result "1-0"]
[WhiteElo "1442"]
[BlackElo "1246"]
[PlyCount "82"]
[EventDate "2013.11.03"]
[Board "4"]
[WhiteTeam "1911 4"]
[BlackTeam "Follo 2"]

1. e4 c5 2. c3 g6 3. d4 cxd4 4. cxd4 Bg7 5. Nf3 Nc6 6. Bc4 e6 7. Nc3 Nge7 8.
Bb3 O-O 9. O-O d5 10. e5 h6 11. Be3 f5 12. exf6 Rxf6 13. Ne2 Rxf3 14. gxf3 Nf5
15. Kh1 Qh4 16. Rg1 g5 17. Bc2 Nce7 18. Qf1 Bd7 19. Rg4 Qh5 20. Ng3 Nxg3+ 21.
Rxg3 Nf5 22. Bxf5 exf5 23. f4 g4 24. Rc1 Bc6 25. b4 Qf7 26. Qd3 Qd7 27. h3 h5
28. hxg4 h4 29. Rgg1 Bb5 30. Qxf5 Rf8 31. Qxd7 Bxd7 32. Rc7 Bc6 33. b5 Bxb5 34.
Rxb7 a6 35. Rc1 Rf7 36. Rxf7 Kxf7 37. Rc7+ Kg8 38. Kg2 Bd3 39. Kh3 Bf6 40. g5
Bf5+ 41. Kxh4 Bd8 1-0

[Event "Østlandsserien 2013/2014, 3. div. D"]
[Site "Ås, Akershus NOR"]
[Date "2014.03.09"]
[Round "5"]
[White "Aanonsen, Per Tore"]
[Black "Furnes, Torstein"]
[Result "0-1"]
[WhiteElo "1567"]
[BlackElo "1595"]
[Annotator "Furnes,Torstein"]
[PlyCount "134"]
[EventDate "2013.11.03"]
[Board "1"]
[WhiteTeam "Nordstrand 6"]
[BlackTeam "Follo 2"]

1. c4 e5 2. Nc3 Nf6 3. g3 Bb4 4. Bg2 O-O 5. a3 Bxc3 6. bxc3 Nc6 7. d4 ({
Relevant:} 7. a4 e4 8. Nh3 d5 9. Ba3 Re8 10. cxd5 Nxd5 11. Qb3 Na5 12. Qc2 Nc4
13. Bc1 Bf5 14. Qa2 Na5 15. Rb1 Qd7 16. Nf4 Nxf4 17. gxf4 Be6 18. Qb2 Bc4 19.
Bf1 Rad8 20. Rg1 Re6 21. Rg3 Rh6 22. h3 Rd6 23. f3 Qe7 24. Kf2 Qh4 {0-1 (24)
Schubert,W (2323)-Hoebel,H (2422) ICCF email 2001}) 7... d6 8. Nf3 Bg4 9. h3
$146 ({I ChessBase fortsetter alle tre partiene med} 9. O-O {i denne
stillingen.}) 9... Bf5 10. Bg5 h6 11. Bxf6 Qxf6 12. O-O Rfe8 13. e3 e4 14. Nd2
Qe7 15. Qc2 Rad8 16. Rfb1 b6 17. Rb5 Bg6 18. Rab1 Nb8 19. a4 a5 20. Nb3 Nd7 21.
Nd2 Qe6 22. Qa2 Bf5 23. Kh2 g5 24. Qc2 Bg6 25. Qd1 f5 26. Bf1 Kg7 27. Be2 Rf8
28. Qg1 Rde8 29. Re1 Qf6 30. f4 gxf4 31. gxf4 Qh4 32. Rbb1 Kh7 33. Qg3 Qxg3+
34. Kxg3 Rg8 35. Kh2 Bf7 36. Rg1 Rxg1 37. Rxg1 {med remisforslag. Men svart må
vinne partiet for at Follo 2 skal unngå nedrykk.} Rg8 38. Rxg8 Bxg8 39. Nb1 Kg6
40. Kg2 Kf6 41. Na3 c6 42. Bh5 Bf7 43. Bxf7 Kxf7 44. Kg3 Kg6 {Så langt i
partiet har Fritz 11 ment at stillingen har vært ganske jevn, og fordelen har
ikke kommet noe særlig over ca. 0.3 for noen av spillerne. Men Fritz 11 mener
at hvits tre neste trekk er unøyaktige.} 45. Kh4 Nf6 46. Nc2 d5 47. cxd5 Nxd5 {
Dermed har svarts fordel økt til ca. -2.} 48. c4 Nc3 49. Na3 Nxa4 50. d5 cxd5
51. cxd5 Nc5 ({Fritz liker bedre} 51... Nc3 52. d6 Kf6 53. Kh5 Ke6 54. Kxh6 b5
55. Kg6 b4 56. d7 Kxd7 57. Nc4 a4 58. Nd2 Na2 59. Kxf5 Nc1 60. h4 a3 61. h5 a2
62. h6 a1=Q) 52. d6 a4 53. Nb5 Nd7 54. Na3 Nf6 55. Kg3 Kf7 56. Nb5 Ke6 57. Kf2
Kd7 (57... Ne8 {er bedre.}) 58. Ke2 Kc6 59. Nd4+ Kxd6 60. Nxf5+ Kc5 61. Nd4 Kc4
62. Kd2 b5 63. Kc2 b4 64. Nf5 b3+ 65. Kb2 Kb4 66. Nxh6 a3+ 67. Kb1 Nd5 0-1

[Event "Østlandsserien 2013/2014, 3. div. D"]
[Site "Ås, Akershus NOR"]
[Date "2014.03.09"]
[Round "5"]
[White "Moberg, Jan Rune"]
[Black "Gaarder, Hans K"]
[Result "0-1"]
[WhiteElo "1506"]
[BlackElo "1453"]
[Annotator "Furnes,Torstein"]
[PlyCount "142"]
[EventDate "2013.11.03"]
[Board "2"]
[WhiteTeam "Follo 2"]
[BlackTeam "Nordstrand 6"]

1. d4 e6 2. c4 d5 3. Nf3 Nf6 4. g3 c6 5. Bg2 Bb4+ 6. Bd2 Bxd2+ 7. Qxd2 Qc7 $146
({Relevant:} 7... Nbd7 8. O-O O-O 9. Rc1 b6 10. Ne5 Bb7 11. cxd5 cxd5 12. Nc3
a6 13. Na4 Rc8 14. Qb4 a5 15. Qb5 Rc7 16. Nc6 Bxc6 17. Rxc6 Qb8 18. Rac1 Rfc8
19. e3 Qb7 20. Rxc7 Rxc7 21. Rc3 g6 22. Qd3 Kg7 23. Qc2 Rxc3 24. Nxc3 Qc7 25.
Qd2 Kg8 26. Bf3 Ne8 27. Be2 Nd6 28. Bd3 Kg7 29. Kg2 Qc6 30. Qe2 Nf6 31. Bb5 Qc7
32. Bd3 Qc6 33. Bb5 Qc7 34. Bd3 {1/2-1/2 (34) Cheparinov,I (2702)-Dominguez
Perez,L (2723) Loo 2013}) 8. O-O Nbd7 9. Rc1 O-O 10. b4 dxc4 11. Rxc4 Ne4 12.
Qc2 Nd6 13. Rc3 Nf6 14. Nbd2 Bd7 15. a4 Nd5 16. Rb3 Rac8 17. e4 Ne7 18. Rd1 a5
19. Ne5 axb4 20. Rxb4 Rfd8 21. Nb3 f6 $2 $18 {Ifølge Fritz 11 en feil som øker
hvits fordel fra 0.7 til 3.3.} 22. Nxd7 Qxd7 23. Nc5 Qe8 24. Nxe6 Rd7 25. Qb3
Kh8 26. Bh3 (26. Nc5 Rdc7 27. Bh3 f5 28. e5 Nf7 29. Rxb7 $18) 26... Nxe4 27. f3
Nd6 28. Nc5 f5 29. Nxd7 Qxd7 30. Re1 Nd5 31. Rc4 Nxc4 32. Qxc4 Rf8 33. Re5 g6
34. a5 Qd8 35. Qc5 Re8 36. f4 Nf6 37. Bf1 Ng4 38. Re2 Rxe2 39. Bxe2 Nf6 40. Bc4
Kg7 41. a6 bxa6 42. Qxc6 Qxd4+ 43. Kg2 a5 (43... Ng4 $19 {er avgjørende. F.eks.
} 44. Kh3 Qb2 45. Qg2 Nf2+ 46. Kh4 Qf6#) 44. Bb5 Qd2+ 45. Kg1 Ng4 46. Qd7+ Qxd7
47. Bxd7 Kf6 48. h3 Ne3 49. Kf2 Nd5 50. Ke2 h5 51. Kd3 h4 52. gxh4 Nxf4+ 53.
Ke3 Ng2+ 54. Kf3 Nxh4+ 55. Ke3 Ke5 56. Be8 g5 57. Bd7 Ng2+ 58. Kf3 Nf4 59. Kg3
Nh5+ 60. Kf3 Nf6 61. Ba4 g4+ 62. hxg4 fxg4+ 63. Kg3 Kf5 64. Bc2+ Kg5 65. Ba4
Ne4+ 66. Kg2 Kf4 67. Bc6 Nc5 68. Kf2 a4 69. Ke2 a3 70. Bd5 g3 71. Kf1 Nd3 0-1

[Event "Østlandsserien 2013/2014, 3. div. D"]
[Site "Ås, Akershus NOR"]
[Date "2014.03.09"]
[Round "5"]
[White "Kveli, Lars"]
[Black "Simonsen, Steinar"]
[Result "1-0"]
[WhiteElo "1429"]
[BlackElo "1333"]
[Annotator "Furnes,Torstein"]
[PlyCount "69"]
[EventDate "2013.11.03"]
[Board "3"]
[WhiteTeam "Nordstrand 6"]
[BlackTeam "Follo 2"]

1. d4 d5 2. Nf3 Nf6 3. e3 e6 4. Bd3 c5 5. b3 Nc6 6. O-O Be7 7. Bb2 cxd4 8. exd4
h6 ({Relevant:} 8... O-O 9. Nbd2 Nb4 10. Be2 Qc7 11. c4 b6 12. a3 Nc6 13. Rc1
dxc4 14. bxc4 Bb7 15. d5 Nd8 16. Nd4 exd5 17. Re1 Bc5 18. N2b3 Ne6 19. Nb5 Qd8
20. Bf3 Ne4 21. Nxc5 N4xc5 22. Bxd5 Bxd5 23. cxd5 Nc7 24. Qg4 f6 25. Nd4 Kh8
26. Rcd1 Qxd5 27. Nf5 Qg8 28. h4 Rf7 29. h5 Qf8 30. h6 g6 31. Nd6 Re7 32. Rxe7
Qxe7 33. Nc8 Qf8 34. Rd6 Kg8 35. Rxf6 Qxc8 36. Rxg6+ hxg6 37. Qxg6+ Kf8 38.
Qg7+ {Cordova,E (2560)-Romero Holmes,A (2518) Bogota 2010 1-0}) 9. Nbd2 Qc7
$146 ({Predecessor:} 9... Bd7 10. Re1 Nb4 11. Bf1 Rc8 12. c3 Nc6 13. Ne5 a6 14.
f4 Na7 15. Qf3 Bc6 16. Bd3 Ne4 17. Nxe4 dxe4 18. Bxe4 Bf6 19. f5 Bxe4 20. Rxe4
exf5 21. Nc6+ fxe4 22. Qxe4+ Be7 23. Nxd8 Rxd8 24. Qxb7 Nc8 25. Qc6+ Kf8 26.
Qxa6 g6 27. c4 Rg8 28. a4 Nd6 29. Rd1 Rb8 30. Ba3 Nf5 31. Bxe7+ Nxe7 32. Qd6
Rxb3 33. Qd8+ Kg7 34. Qxe7 Rc3 35. Qb4 Re3 36. d5 Kh7 {1/2-1/2 (36) Azzoug,S 
(1606)-Humbert,P ICCF email 2011}) 10. c4 Nb4 11. Be2 O-O 12. Ne5 Nc6 13. f4
Nxe5 14. fxe5 Nd7 15. Rc1 Qa5 16. a3 f6 17. b4 Qd8 18. Bg4 f5 19. cxd5 fxg4 20.
dxe6 Rxf1+ 21. Qxf1 Nb6 22. Qf7+ Kh8 23. Rf1 Nd5 24. Qg6 Bg5 25. Rf7 Qg8 26.
Ne4 Ne7 27. Qh5 (27. Rxe7 $15 Bxe7 28. d5 {er den eneste fortsettelsen som
ikke taper for hvit, ifølge Fritz.}) 27... g6 (27... Be3+ 28. Kh1 Bxe6 29. Rxe7
Qh7 30. Rxe6 Qxe4 31. Qg6 Rf8 32. Re8 Qxg6 33. Rxf8+ Kh7 $19) 28. Qxg4 ({Fritz
mener at hvits beste sjanse er} 28. Qxg5 $1 hxg5 29. Nf6 Qxf7 30. exf7 Kg7 $19)
28... Be3+ 29. Kh1 Nd5 ({Svart hadde her muligheten} 29... Qxf7 $1 $19 30. exf7
Bxg4) 30. Nf6 Nxf6 31. exf6 (31. Rxf6) 31... g5 (31... Qxf7 $1) 32. Qe4 (32.
Qh5 g4 33. Rg7 $18) 32... Bxe6 33. Rg7 Re8 34. Rxg8+ Kxg8 35. Qg6+ 1-0

[Event "Østlandsserien 2013/2014, 3. div. D"]
[Site "Ås, Akershus NOR"]
[Date "2014.03.09"]
[Round "5"]
[White "Aalmo, Alexander"]
[Black "Carstensen, Øyvind"]
[Result "1-0"]
[WhiteElo "1098"]
[BlackElo "1308"]
[Annotator "Furnes,Torstein"]
[PlyCount "91"]
[EventDate "2013.11.03"]
[Board "4"]
[WhiteTeam "Follo 2"]
[BlackTeam "Nordstrand 6"]

1. d4 d5 2. Nf3 Nf6 3. Bg5 e6 4. e3 Be7 5. c4 dxc4 ({Relevant:} 5... O-O 6.
cxd5 exd5 7. Nc3 Nbd7 8. Bd3 c6 9. Qc2 Re8 10. h3 Ne4 11. Bf4 Ndf6 12. O-O Bd6
13. Bxd6 Nxd6 14. b4 Nfe4 15. Ne5 Nxc3 16. Qxc3 Bf5 17. Bxf5 Nxf5 18. b5 cxb5
19. Qb3 f6 20. Nd3 Qd7 21. Rfb1 Qf7 22. a4 Nd6 23. axb5 Nc4 24. Ra2 b6 25. Rc1
Rac8 26. Rac2 Rc7 27. Nb4 Rec8 28. Rc3 Qe6 29. Qa2 g5 30. Qe2 Qd6 31. Rb1 Na3
32. Rxa3 Rc1+ 33. Qf1 Rxf1+ 34. Kxf1 Rc4 35. Rab3 {Eljanov,P (2707)
-Kryvoruchko,Y (2659) Kiev 2013 0-1}) 6. Bxc4 c5 7. Nc3 cxd4 8. Bb5+ $146 ({
Predecessor (14):} 8. exd4 O-O 9. O-O Nbd7 10. Re1 Nb6 11. Bb3 Nfd5 12. Bxe7
Nxe7 13. Qd3 Nbd5 14. Ne5 Nf6 15. Rac1 Bd7 16. Ne4 Nxe4 17. Qxe4 Bc6 18. Nxc6
bxc6 19. Rc3 Rb8 20. Rh3 Ng6 21. Rc1 Rb4 22. Rd3 Ne7 23. Rc5 Qd6 24. Rh5 Ng6
25. a3 Rb6 26. Rdh3 Rd8 27. Rd3 h6 28. Ra5 Rdb8 29. Qf3 R8b7 30. Rc5 Nh4 31.
Qd1 Nf5 32. Rcc3 a5 33. g4 Nh4 34. Rd2 Qf4 35. Ba4 Rxb2 36. Rxb2 Rxb2 37. Rc2
Qe4 {Kanko,I (2234)-Wittmann,W (2272) Velden 2009 0-1}) 8... Nbd7 9. Qxd4 O-O
10. Rd1 Qb6 11. Qxb6 Nxb6 12. Ne4 Bb4+ 13. Nc3 Nfd5 14. Rc1 a6 15. Bd3 Na4 16.
O-O Naxc3 17. bxc3 Nxc3 18. a3 Ba5 19. Nd4 Nd5 20. Rc2 f6 21. Bh4 Bd7 22. Bg3
e5 23. Nb3 Bb6 24. Bc4 Be6 25. Rfc1 Nc7 26. Nd2 Rfd8 27. Be2 Rd7 28. Bf3 Rad8
29. Nc4 Bxc4 30. Rxc4 Kf7 31. h3 Ne6 32. Rb1 Ng5 33. Bh5+ (33. Rxb6 Nxf3+ 34.
gxf3 $18) 33... g6 34. Bxg6+ Kxg6 35. Rxb6 Rd1+ 36. Kh2 Ra1 $2 37. Bxe5 $18 Kf5
38. Bxa1 Ne4 39. g4+ Kg6 40. Rxe4 Rd1 41. Bxf6 Kf7 42. Re7+ Kg8 43. Bd4 Rd2 44.
Rexb7 Rc2 45. Rb8+ Kf7 46. Rf6+ 1-0

[Event "Østlandsserien 2012/2013, 3. div. D"]
[Site "Ås, Akershus NOR"]
[Date "2012.11.04"]
[Round "1"]
[White "Sødtholt, Dag"]
[Black "Lange, David"]
[Result "1/2-1/2"]
[WhiteElo "1964"]
[BlackElo "1809"]
[PlyCount "55"]
[EventDate "2012.11.04"]
[WhiteTeam "SOSS 2"]
[BlackTeam "Follo 1"]

1. c4 c5 2. g3 d6 3. Bg2 Nc6 4. Nc3 Nf6 5. a3 g6 6. Rb1 a5 7. Nf3 Bg7 8. O-O
O-O 9. d3 Bd7 10. Bg5 Rb8 11. Ne1 Nd4 12. Nc2 Nxc2 13. Qxc2 b5 14. cxb5 Bxb5
15. b4 cxb4 16. axb4 axb4 17. Bxf6 Bxf6 18. Nd5 e6 19. Nxf6+ Qxf6 20. Qb2 Qxb2
21. Rxb2 Bd7 22. Rfb1 Rfc8 23. Bf3 e5 24. Kg2 Be6 25. Rxb4 Rxb4 26. Rxb4 Rc2
27. Rb6 d5 28. Rb5 1/2-1/2

[Event "Østlandsserien 2012/2013, 3. div. D"]
[Site "Ås, Akershus NOR"]
[Date "2012.11.04"]
[Round "1"]
[White "Lea, Per"]
[Black "Førland, Tor Egil"]
[Result "1-0"]
[WhiteElo "1655"]
[BlackElo "1823"]
[PlyCount "53"]
[EventDate "2012.11.04"]
[WhiteTeam "Follo 1"]
[BlackTeam "SOSS 2"]

1. e4 d6 2. d4 Nf6 3. Nc3 g6 4. Bc4 Bg7 5. Nf3 O-O 6. O-O Nxe4 7. Nxe4 d5 8.
Ned2 dxc4 9. Nxc4 c5 10. dxc5 Qc7 11. Qe2 Qxc5 12. c3 Nc6 13. Be3 Qh5 14. Nd4
Qxe2 15. Nxe2 Bf5 16. Rfd1 Rfd8 17. Nd4 Nxd4 18. Bxd4 Bxd4 19. Rxd4 Rxd4 20.
cxd4 Rd8 21. Rd1 Be6 22. b3 Bd5 23. f3 e6 24. Kf2 f6 25. Ke3 Rc8 26. Kd3 Kf7 $4
27. Nd6+ 1-0

[Event "Østlandsserien 2012/2013, 3. div. D"]
[Site "Ås, Akershus NOR"]
[Date "2012.11.04"]
[Round "1"]
[White "Moen, Knut"]
[Black "Furnes, Torstein"]
[Result "0-1"]
[WhiteElo "1374"]
[BlackElo "1614"]
[PlyCount "52"]
[EventDate "2012.11.04"]
[WhiteTeam "SOSS 2"]
[BlackTeam "Follo 1"]

1. c4 e5 2. Nc3 Nf6 3. g3 Bc5 4. Bg2 O-O 5. Nf3 Nc6 6. O-O d5 $6 ({
Det vanlige er å spille} 6... d6) 7. cxd5 ({Fritz foreslår nå} 7. Nxe5 $1 Nxe5
8. d4 dxc4 9. dxe5 {med en liten hvit fordel.}) 7... Nxd5 8. Qb3 {De neste ca.
10 trekkene har Fritz ikke noen forslag til dramatiske forbedringer for noen
av spillerne. Trekkene som blir spilt er som regel blant de 3-4 første valgene
til Fritz.} Nb6 9. d3 Be6 10. Qd1 Qd7 11. Bd2 Bh3 12. Rc1 Bxg2 13. Kxg2 f5 14.
Na4 Nxa4 15. Qxa4 Bb6 16. Bc3 Rae8 17. Qc4+ Kh8 18. Qh4 Rf6 19. Qc4 $6 Rh6 $6 (
{Fritz vil her gjerne spille} 19... Nd4 {fulgt av f4.}) 20. h4 f4 $6 21. Ng5
Rf8 22. Qe4 Qg4 $6 23. Qd5 $2 {Tapstrekket.} ({
Fritz mener hvit har en liten fordel etter} 23. Bxe5 Nxe5 ({ikke} 23... Rxh4 $2
24. Bxf4) 24. Qxe5 Qd7 ({ikke} 24... Rxh4 $2 25. Qe7)) 23... Rxh4 $1 24. Nf7+ {
Vinner tilsynelatende kvalitet, men svart har mattangrep.} Rxf7 25. Qxf7 ({
Eneste variant som ikke fører til forsert matt er} 25. Rh1 Rxh1 26. Rxh1 Qxe2
27. Qf3) 25... f3+ $1 {Sperrer slik at den hvite kongen ikke kan slippe unna
via f3 etter dronningsjakk på h3.} 26. Kg1 Qxg3# 0-1

[Event "Østlandsserien 2012/2013, 3. div. D"]
[Site "Ås, Akershus NOR"]
[Date "2012.12.09"]
[Round "2"]
[White "Johnsen, Sylvia"]
[Black "Lange, David"]
[Result "1-0"]
[WhiteElo "1908"]
[BlackElo "1809"]
[PlyCount "99"]
[EventDate "2012.11.04"]
[WhiteTeam "OSS 6"]
[BlackTeam "Follo 1"]

1. e4 c5 2. Nf3 d6 3. Bc4 Nf6 4. c3 Nc6 5. d3 e6 6. O-O Be7 7. Re1 O-O 8. Nbd2
a6 9. Bb3 b5 10. Nf1 Bb7 11. Ng3 Qc7 12. Bc2 Rfd8 13. Bg5 Nd7 14. Bxe7 Nxe7 15.
d4 Ng6 16. h4 Rac8 17. Rc1 e5 18. h5 Ne7 19. d5 Nf6 20. Nh4 Rb8 21. Re3 Bc8 22.
Nhf5 Bxf5 23. Nxf5 Nxf5 24. exf5 Qb7 25. Be4 Nxe4 26. Rxe4 f6 27. b3 Qf7 28.
Rh4 Rdc8 29. Qf3 Kh8 30. Re1 Rb7 31. Qe4 a5 32. a3 Ra7 33. Qf3 Qb7 34. h6 Rg8
35. Re3 Qf7 36. Qe4 Qf8 37. Reh3 Rf7 38. hxg7+ Rgxg7 39. g3 Qg8 40. Rh6 Rg5 41.
Rg6 Rxg6 42. fxg6 Rg7 43. gxh7 Rxh7 44. Rh4 Qf7 45. c4 f5 46. Qh1 a4 47. bxa4
bxc4 48. Rxh7+ Qxh7 49. Qxh7+ Kxh7 50. Kf1 1-0

[Event "Østlandsserien 2012/2013, 3. div. D"]
[Site "Ås, Akershus NOR"]
[Date "2012.12.09"]
[Round "2"]
[White "Flügel, Stefan"]
[Black "Tangelder, Yonne"]
[Result "0-1"]
[WhiteElo "1702"]
[BlackElo "1306"]
[PlyCount "94"]
[EventDate "2012.11.04"]
[WhiteTeam "Follo 1"]
[BlackTeam "OSS 6"]

1. Nc3 e5 2. Nf3 Nc6 3. d4 exd4 4. Nxd4 Bb4 5. Nxc6 Bxc3+ 6. bxc3 bxc6 7. Rb1
Ba6 8. Qd4 Qf6 9. e4 Bxf1 10. Rxf1 Qg6 11. Ba3 d6 12. Kd2 Ne7 13. Rfe1 O-O 14.
c4 Qg5+ 15. Ke2 Ng6 16. Rb3 Nf4+ 17. Kd1 Qh5+ 18. Kd2 Ne6 19. Qe3 Qxh2 20. g3
Qh5 21. f4 Rab8 22. Bb2 Rxb3 23. axb3 a5 24. Ra1 Ra8 25. b4 a4 26. Ra3 f6 27.
Qg1 Qg4 28. Qf2 Qh5 29. Rd3 Kf7 30. Re3 Rd8 31. Rd3 Kg8 32. Qa7 Qh2+ 33. Kc3
Qh1 34. Qxa4 Qxe4 35. Qa1 Kf7 36. Qd1 Ra8 37. Kb3 c5 38. Qd2 Qb7 39. Rd5 Qa6
40. Qc1 Qa4+ 41. Kc3 Qxb4+ 42. Kd3 Ra4 43. Rh5 Qxc4+ 44. Ke3 Qe4+ 45. Kf2 Nd4
46. Bxd4 Qxd4+ 47. Kg2 Ra1 0-1

[Event "Østlandsserien 2012/2013, 3. div. D"]
[Site "Ås, Akershus NOR"]
[Date "2012.12.09"]
[Round "2"]
[White "Edakina, Anastasia"]
[Black "Lea, Per"]
[Result "1-0"]
[WhiteElo "1297"]
[BlackElo "1655"]
[Annotator "Per Lea"]
[PlyCount "87"]
[EventDate "2012.11.04"]
[WhiteTeam "OSS 6"]
[BlackTeam "Follo 1"]

1. e4 e5 2. Nf3 Nc6 3. d4 exd4 4. Nxd4 Bc5 5. Nxc6 Qf6 6. Qf3 dxc6 7. Bc4 Qxf3
8. gxf3 Ne7 9. Be3 Bxe3 10. fxe3 Ng6 11. f4 Bg4 12. Nd2 Rd8 13. Rg1 h5 14. Be2
Bxe2 15. Kxe2 Kf8 16. Nc4 Ne7 17. Rad1 Rc8 18. Rd7 f6 19. Rgd1 Kf7 $4 20. Na5
Rhe8 21. Nxb7 Kf8 22. Nc5 Rb8 23. b3 Rec8 24. Ne6+ Kf7 25. Nxc7 (25. Nxg7 Kxg7
26. Rxe7+ Kg8 27. Rdd7) 25... a5 26. Na6 Ra8 27. Nc5 Rab8 28. Nb7 Kf8 29. Nxa5
Ra8 30. b4 c5 31. c3 cxb4 32. cxb4 Rc2+ 33. R1d2 Rc1 34. Rd8+ Rxd8 35. Rxd8+
Kf7 36. Rd2 Rh1 37. Kd3 Rb1 38. Kc3 Nc8 39. Rb2 Re1 40. Nc4 Rc1+ 41. Rc2 Rb1
42. a4 Ra1 43. Kb3 Rb1+ 44. Rb2 {Etter å ha stått til tap i mer enn den siste
halvparten av partiet ga svart endelig opp...} 1-0

[Event "Østlandsserien 2012/2013, 3. div. D"]
[Site "Kongsvinger, Hedmark NOR"]
[Date "2013.01.13"]
[Round "3"]
[White "Lange, David"]
[Black "Thorstensen, Espen"]
[Result "0-1"]
[WhiteElo "1809"]
[BlackElo "1937"]
[PlyCount "160"]
[EventDate "2012.11.04"]
[WhiteTeam "Follo 1"]
[BlackTeam "Kongsvinger"]

1. d4 d5 2. e3 c5 3. Nf3 Nc6 4. c4 cxd4 5. exd4 Nf6 6. Be3 Bf5 7. a3 e6 8. Nc3
Rc8 9. Be2 dxc4 10. Bxc4 Be7 11. O-O O-O 12. Qe2 Qc7 13. Rfd1 Bg4 14. h3 Bh5
15. Nb5 Qb8 16. Rac1 a6 17. Nc3 Rfd8 18. Bb3 Na5 19. Ba2 b5 20. g4 Nxg4 21.
hxg4 Bxg4 22. Ne4 Qb7 23. Bf4 Nc4 24. Bxc4 Rxc4 25. b3 Rxc1 26. Bxc1 Qd5 27.
Rd3 Rc8 28. Bb2 a5 29. Qe3 Bf5 30. Rc3 Rxc3 31. Nxc3 Qxb3 32. Qe2 Bg4 33. Kg2
b4 34. axb4 axb4 35. Nd1 h6 36. Ne3 Bh5 37. Qc2 Qa2 38. Ne5 f6 39. Nd3 Qa8+ 40.
Kg1 Bg6 41. Qd2 Qf3 42. Nc5 Bxc5 43. dxc5 Be4 44. Kf1 b3 45. Qc3 Qh1+ 46. Ke2
Bf3+ 47. Kd3 Qb1+ 48. Kc4 h5 49. Qxb3 Qe4+ 50. Kc3 Qc6 51. Qb8+ Kh7 52. Qd6 Qe4
53. Qd4 Qa8 54. Qc4 Qc6 55. Qd3+ Be4 56. Qd6 Qb5 57. Qd4 Qb7 58. Qd6 e5 59. Qb6
Qd7 60. Qd6 Qa4 61. f4 Qa5+ 62. Kc4 Qa4+ 63. Kc3 Qa5+ 64. Kc4 Qe1 65. Qd1 Qxd1
66. Nxd1 exf4 67. Kd4 Bc6 68. Nf2 g5 69. Kd3 Kg6 70. Ke2 Kf5 71. Kf1 g4 72. Nh3
f3 73. Kg1 g3 74. Bd4 h4 75. Nf2 Ke6 76. Nh3 Be4 77. Nf2 Bf5 78. c6 h3 79. Nxh3
Bxh3 80. Bf2 gxf2+ 0-1

[Event "Østlandsserien 2012/2013, 3. div. D"]
[Site "Kongsvinger, Hedmark NOR"]
[Date "2013.01.13"]
[Round "3"]
[White "Sawa, Sven"]
[Black "Lea, Per"]
[Result "1-0"]
[WhiteElo "1689"]
[BlackElo "1655"]
[Annotator "Per Lea"]
[PlyCount "69"]
[EventDate "2012.11.04"]
[WhiteTeam "Kongsvinger"]
[BlackTeam "Follo 1"]

1. e4 e5 2. Nc3 Nf6 3. Nf3 Nc6 4. Bb5 d6 5. a3 Be7 6. O-O Bd7 7. d3 O-O 8. Ne2
Bg4 9. c3 Bxf3 10. gxf3 Nh5 11. Bc4 Kh8 12. Ng3 Nf4 13. Bxf4 exf4 14. Ne2 Bg5
15. d4 f5 16. Bd3 fxe4 17. Bxe4 d5 18. Bd3 Rf6 19. Qc2 Ne7 20. Kh1 Qe8 21. Ng1
Qh5 22. Rae1 Rh6 23. h3 Bf6 (23... Qf7 {var en nødvendig innrømmelse - til
tross for hvits heslige kongestilling er den ugjennomtrengelig}) 24. Qe2 Nc6
25. Bf5 $1 g5 (25... Qxf5 $4 26. Qe8+ Rxe8 27. Rxe8#) 26. Qb5 Be7 27. Qxb7 Rb8
28. Qxc7 {Svarts bitte-lille fordel etter 20 trekk er nå fordunstet og er gått
over til hvit - med renter...} Qf7 29. Re2 Qxf5 30. Rxe7 Rc8 31. Rf7 Rxh3+ 32.
Kg2 $1 (32. Nxh3 Qxh3+ 33. Kg1 Rxc7 34. Rxc7 Qe6 {0-1}) 32... Qe6 33. Qd7 Rh6
$4 {I gjensidig "nesten-tidsnød" (ca 3 minutter for begge) overser svart en
enkel kombinasjon, men det gjør ikke hvit...} 34. Rxh7+ Kg8 (34... Rxh7 35.
Qxe6 {er selvfølgelig også håpløst}) 35. Qg7# 1-0

[Event "Østlandsserien 2012/2013, 3. div. D"]
[Site "Kongsvinger, Hedmark NOR"]
[Date "2013.01.13"]
[Round "3"]
[White "Lange, Holger"]
[Black "Eriksen, Marius"]
[Result "1-0"]
[WhiteElo "1636"]
[BlackElo "1383"]
[PlyCount "117"]
[EventDate "2012.11.04"]
[WhiteTeam "Follo 1"]
[BlackTeam "Kongsvinger"]

1. e4 c5 2. Nf3 Nc6 3. d4 cxd4 4. Nxd4 g6 5. c4 Bg7 6. Be3 Nf6 7. Nc3 d6 8. Be2
O-O 9. O-O Bd7 10. Rc1 b6 11. f3 Rc8 12. Qd2 Re8 13. Rfd1 Qc7 14. Nd5 Qb7 15.
Nb5 Nxd5 16. cxd5 Nb8 17. Nd4 Rxc1 18. Rxc1 Rc8 19. b3 Rc7 20. Kf2 Qc8 21. Rxc7
Qxc7 22. Qc2 Qc5 23. Qxc5 dxc5 24. Nb5 Bxb5 25. Bxb5 a6 26. Bd3 Be5 27. b4 Nd7
28. bxc5 Nxc5 29. Bxc5 bxc5 30. Bxa6 Bc7 31. a4 Kg7 32. Bb5 Kf6 33. g3 Bb6 34.
Ke2 Ke5 35. Kd3 Kd6 36. Kc4 f6 37. Bc6 Kc7 38. Kb5 Ba7 39. a5 g5 40. Be8 Kd8
41. Bh5 Kc7 42. Bg4 h6 43. Bh3 Kb7 44. Bf1 Kc7 45. Ka6 Kb8 46. Bb5 Ka8 47. Bc6+
Kb8 48. Bb5 Ka8 49. f4 c4 50. Bxc4 Bd4 51. Be2 gxf4 52. gxf4 Be3 53. f5 Kb8 54.
Kb5 Ka7 55. Kc6 Bf4 56. h3 Be5 57. Kd7 Kb7 58. Kxe7 Kc7 59. a6 1-0

[Event "Østlandsserien 2012/2013, 3. div. D"]
[Site "Kongsvinger, Hedmark NOR"]
[Date "2013.01.13"]
[Round "3"]
[White "Smedtorp, Klaus"]
[Black "Bakken, Svein-Erik"]
[Result "1/2-1/2"]
[WhiteElo "1045"]
[BlackElo "1427"]
[PlyCount "49"]
[EventDate "2012.11.04"]
[WhiteTeam "Kongsvinger"]
[BlackTeam "Follo 1"]

1. g3 d5 2. Bg2 c5 3. c3 Nc6 4. Nf3 Nf6 5. O-O e6 6. d4 Be7 7. dxc5 Bxc5 8. Bg5
O-O 9. Nbd2 Bd7 10. Nb3 Be7 11. Nbd4 Rc8 12. Nxc6 Bxc6 13. Qb3 Qc7 14. Rfd1 b6
15. Nd4 Qb7 16. Nxc6 Qxc6 17. e4 dxe4 18. Re1 Qd5 19. Bxf6 Bxf6 20. Bxe4 Qc5
21. Rad1 Rfd8 22. Rxd8+ Rxd8 23. Rd1 Qc7 24. Rxd8+ Qxd8 25. Qc2 1/2-1/2

[Event "Østlandsserien 2012/2013, 3. div. D"]
[Site "Ås, Akershus NOR"]
[Date "2013.03.03"]
[Round "4"]
[White "Hetland, Kurt"]
[Black "Larsen, Joakim"]
[Result "1/2-1/2"]
[WhiteElo "1754"]
[BlackElo "1926"]
[Annotator "Larsen, Joakim"]
[PlyCount "116"]
[EventDate "2012.11.04"]
[WhiteTeam "Ullr"]
[BlackTeam "Follo 1"]

1. e4 c5 2. Nc3 g6 3. g3 Bg7 4. Bg2 e6 5. Nge2 Ne7 6. O-O d5 7. d3 Nbc6 8. Bg5
f6 9. Bd2 d4 10. Nb1 e5 11. Na3 Be6 12. Qc1 Qd7 13. Bh6 Bxh6 14. Qxh6 Ng8 15.
Qd2 h5 {Sikkert i overkant ambisiøst.} 16. f3 Nh6 {
Angret litt på at jeg ikke spilte g5 pga f4.} 17. Nc4 O-O-O 18. Na5 g5 19. Nxc6
Qxc6 20. Qa5 Kb8 21. h3 {Var temmelig fornøyd med at han spilte h3 !} f5 {
Fikk ikke g4 til å fungere.} 22. Rab1 g4 23. fxg4 fxg4 ({fxg4 var selvfølgelig
ikke planen min, håpet jeg hadde noe annet. Fant ikke noe etter} 23... hxg4 24.
exf5 Bd5 25. Bxd5 Qxd5 26. h4) 24. h4 b6 {Fra nå til trekk 40 hadde hvit litt
dårlig tid. Planen min var å spille litt fort og skape noen sjanser via åpent
eller/og asymmetrisk stilling...} 25. Qa3 Nf7 26. b3 Nd6 27. Qb2 {
Koser seg på de bakerste radene.} b5 28. Rf6 Ne8 29. Rf2 Ka8 {
Rett inn i løperdiagonalen.} 30. Rbf1 c4 {
Mange elendige svarte trekk her. Kan sikkert slå på d4 mange ganger.} 31. Qa3
Nd6 32. Rf6 Rhe8 33. Kh2 Nb7 34. bxc4 bxc4 35. Rf8 cxd3 36. cxd3 a5 37. Rxe8
Rxe8 38. Rc1 Qb5 39. Rc7 Qb6 40. Re7 Rc8 41. Nc1 Rc3 42. Re8+ Ka7 43. Qf8 Qb2 {
Tenkte kun på De7.} 44. Rxe6 Rc2 45. Qf1 Rxc1 46. Qf6 Rc2 47. Ra6+ Kb8 48.
Qxe5+ {Kanskje Df8 var bedre, vet ikke.} Nd6 49. Qxd6+ Kb7 50. Qd5+ Kxa6 51. e5
Kb6 {Tenkte ikke på Dd5 og e5.} 52. e6 Rxg2+ 53. Qxg2 Qxg2+ 54. Kxg2 Kc6 55.
Kf2 Kd6 56. Ke2 Kxe6 57. Kd2 Kd5 58. Kc2 a4 1/2-1/2